Central Library, Doon University
WEBOPAC (ONLINE PUBLIC ACCESS CATALOGUE)

Special category states of India (Record no. 59555)

MARC details
000 -LEADER
fixed length control field 00469nam a22001817a 4500
005 - DATE & TIME
control field 20250327120054.0
008 - FIXED-LENGTH DATA ELEMENTS--GENERAL INFORMATION
fixed length control field 250327b |||||||| |||| 00| 0 eng d
020 ## - ISBN
International Standard Book Number 9780199460830
Price 1195.00
040 ## - CATALOGING SOURCE
Original cataloging agency Doon University
041 ## - Language
Language English
082 ## - DDC NUMBER
Classification number 338.1
Book Number BHA
100 ## - MAIN ENTRY--PERSONAL NAME
Personal name Bhattacharjee, Govind
245 ## - TITLE STATEMENT
Title Special category states of India
260 ## - PUBLICATION, DISTRIBUTION, ETC. (IMPRINT)
Place of publication, distribution, etc New Delhi
Name of publisher, distributor, etc Oxford University Press
Date of publication, distribution, etc 2016
300 ## - PHYSICAL DESCRIPTION
Pages 506
650 ## - Subject
Subject Economics
942 ## - ADDED ENTRY ELEMENTS (KOHA)
Koha item type Books
100 ## - MAIN ENTRY--PERSONAL NAME
-- 25470
650 ## - Subject
-- 79
952 ## - LOCATION AND ITEM INFORMATION (KOHA)
-- 2025-03-27
952 ## - LOCATION AND ITEM INFORMATION (KOHA)
-- 2025-03-27
952 ## - LOCATION AND ITEM INFORMATION (KOHA)
-- 2025-03-27
952 ## - LOCATION AND ITEM INFORMATION (KOHA)
-- 2025-03-27
952 ## - LOCATION AND ITEM INFORMATION (KOHA)
-- 2025-03-27
Holdings
Withdrawn status Lost status Source of classification or shelving scheme Damaged status Not for loan Location (home branch) Sublocation or collection (holding branch) Date acquired Koha full call number Accession No. Koha date last seen Koha item type Koha issues (times borrowed)
        Not For Loan Doon University Doon University 27.03.2025 338.1 BHA 51014 27.03.2025 Reference  
          Doon University Doon University 27.03.2025 338.1 BHA 51015 27.03.2025 Books  
          Doon University Doon University 27.03.2025 338.1 BHA 51016 27.03.2025 Books  
          Doon University Doon University 27.03.2025 338.1 BHA 51017 27.03.2025 Books  
          Doon University Doon University 27.03.2025 338.1 BHA 51018 27.03.2025 Books  
Contact : +91-135-2533126 (Library),+91-135-2533105 (Admin Office) , Email : doonlibrary@gmail.com

Powered by Koha